Square Hammer Lyrics-Ghost - Statistics

General Stats
  • This quiz has been taken 166 times
  • The average score is 190 of 214
Answer Stats
Answer % Correct
the
100%
a
99%
You
98%
you
98%
on
97%
square
95%
to
95%
Are
94%
here
94%
level
94%
now
94%
right
94%
Right
94%
devil
93%
ready
91%
Before
89%
me
89%
swear
88%
call
87%
your
87%
in
86%
night
86%
That
85%
you're
83%
As
82%
as
82%
closing
78%
begin
77%
crooked
77%
for
77%
solve
77%
I'm
76%
rhyme
76%
stand
76%
bells
73%
chime
72%
slumber
72%
powers
69%
sacred
69%
coffin
68%
Imposing
68%
clandestine
67%
Living
66%
shrine
66%
asunder
65%
Into
65%
torn
63%
nothing
62%
nails
61%
'Neath
61%
entrance
60%
Hammering
59%
Sacrificing
59%
light
56%
Still
56%
Hiding
55%
from
53%
devils
44%
right now
14%
No matching quizzes found
Score Distribution
Percent of People with Each Score
Percentile by Number Answered
Your Score History
You have not taken this quiz